Let's play sports! : (Record no. 7346)

MARC details
000 -LEADER
fixed length control field 01104nam a22002897a 4500
001 - CONTROL NUMBER
control field 7346
003 - CONTROL NUMBER IDENTIFIER
control field FISKH
005 - DATE AND TIME OF LATEST TRANSACTION
control field 20250710095156.0
008 - FIXED-LENGTH DATA ELEMENTS--GENERAL INFORMATION
fixed length control field 250710b cb ||||| |||| 00| 0 eng d
020 ## - INTERNATIONAL STANDARD BOOK NUMBER
International Standard Book Number 9781847382528
040 ## - CATALOGING SOURCE
Original cataloging agency FISKH
Language of cataloging eng
Transcribing agency FISKH
Modifying agency FISKH813.6 LCC PZ7.I355 L
050 ## - LIBRARY OF CONGRESS CALL NUMBER
Classification number PZ7.I355 L
082 ## - DEWEY DECIMAL CLASSIFICATION NUMBER
Classification number 813.6
100 ## - MAIN ENTRY--PERSONAL NAME
Personal name Inches, Alison
245 ## - TITLE STATEMENT
Title Let's play sports! :
Remainder of title A leaf-the flap story
Statement of responsibility, etc. by Alison Inches ; illustrated by Dave Aikins
250 ## - EDITION STATEMENT
Edition statement This edition published in 2008.
260 ## - PUBLICATION, DISTRIBUTION, ETC.
Place of publication, distribution, etc. London :
Name of publisher, distributor, etc. Simon & Schuster,
Date of publication, distribution, etc. 2007.
300 ## - PHYSICAL DESCRIPTION
Extent 18 unnumbered pages :
Other physical details color illustrations ;
Dimensions 21 cm
505 ## - FORMATTED CONTENTS NOTE
Formatted contents note J<br/>
520 ## - SUMMARY, ETC.
Summary, etc. "It's Sport's Day, and everyone is outside playing their favorite sports: basketball, sailing, football, soccer, and more! But Dora needs your help. Lift the flaps to help her discover which sport Boots wants to play!"--Cover back.
521 8# - TARGET AUDIENCE NOTE
Target audience note 440<br/>
Source Lexile estimate<br/>
521 8# - TARGET AUDIENCE NOTE
Target audience note J<br/>
Source Raz-Plus<br/>
650 ## - SUBJECT ADDED ENTRY--TOPICAL TERM
Topical term or geographic name entry element Dora the Explorer
Form subdivision Own
General subdivision Sports
700 ## - ADDED ENTRY--PERSONAL NAME
Personal name Aikins, Dave
Relator term illustrator
942 ## - ADDED ENTRY ELEMENTS (KOHA)
Source of classification or shelving scheme Dewey Decimal Classification
Koha item type Books
Suppress in OPAC No
Holdings
Withdrawn status Lost status Source of classification or shelving scheme Damaged status Not for loan Collection Home library Current library Shelving location Date acquired Total Checkouts Full call number Barcode Date last seen Date last checked out Copy number Price effective from Koha item type
    Dewey Decimal Classification     Juvenile Fiction Footprints International School Library Network Toul Kork Campus Footprints International School Library Network Toul Kork Campus TK Primary Library Room(4th Floor), Bookcase 1&2, Shelves 1-16, Dark Blue Books 07/10/2025 4 INC 813.6 PZ7.I355 L 2025-1805 12/04/2025 11/27/2025 1 07/10/2025 Books